Normal view MARC view

Entry Personal Name

Number of records used in: 2

001 - CONTROL NUMBER

  • control field: 85968

003 - CONTROL NUMBER IDENTIFIER

  • control field: dpl

005 - DATE AND TIME OF LATEST TRANSACTION

  • control field: 20251209163703.0

008 - FIXED-LENGTH DATA ELEMENTS

  • fixed length control field: 251209|| aca||aabn | a|a d

040 ## - CATALOGING SOURCE

  • Original cataloging agency: dpl
  • Transcribing agency: dpl

100 ## - HEADING--PERSONAL NAME

  • Personal name: Sinebare, Musawe

670 ## - SOURCE DATA FOUND

  • Source citation: Work cat.: (dpl)213904: Sinebare, Musawe, Principles & Practices of Papua New Guinea Leadership/, 2013

© Delhi Public Library
Hit Counter
free hit counter